| 000 | 00759nam a22001577a 4500 | ||
|---|---|---|---|
| 003 | OSt | ||
| 005 | 20150919105407.0 | ||
| 008 | 150919b xxu||||| |||| 00| 0 eng d | ||
| 040 | _cRUA | ||
| 082 | _aAGR MEY 2006 BO33 Or.1 | ||
| 100 |
_9852 _aMEY, POLIN |
||
| 245 | _aEffectiveness of organic and chemical fertilizer on soybean growing at royal university of agriculture,ប្រសិទ្ធភាពជីសរីរាង្គ និងជីគីមីទៅលើលារដាំដុះដំណាំសណ្តែកសៀង ក្នុងលក្ខខ័ណ្ឌសាកលវិទ្យាល័យភូមិន្ធកសិកម្ម). | ||
| 260 |
_aphnom phen _bRUA _c2006 |
||
| 300 |
_aXI,49p. _bill. _c29cm. |
||
| 942 |
_2ddc _cAGR |
||
| 999 |
_c821 _d821 |
||